[Event "World Youth & Cadets Blitz Championships"]
[Site "Rhodes, Greece"]
[Date "2022.05.03"]
[Round "3.16"]
[White "Bogdanov, Artyom"]
[Black "Korelskiy, Egor"]
[Result "1-0"]
[TimeControl "5'/game & 2\"/move"]
[WhiteElo "1413"]
[BlackElo "1993"]

1. e4 {[%clk 00:05:03]} {[%emt 00:11:02]} c5 {[%clk 00:05:02]} {[%emt
00:00:02]} 2. Nf3 {[%clk 00:05:05]} e6 {[%clk 00:05:03]} {[%emt 00:00:02]} 3.
d4 {[%clk 00:05:06]} cxd4 {[%clk 00:05:04]} {[%emt 00:00:01]} 4. Nxd4 {[%clk
00:05:07]} {[%emt 00:00:01]} a6 {[%clk 00:05:05]} {[%emt 00:00:01]} 5. Nc3
{[%clk 00:05:07]} {[%emt 00:00:02]} Qc7 {[%clk 00:05:06]} {[%emt 00:00:01]} 6.
g3 {[%clk 00:05:08]} {[%emt 00:00:01]} Nf6 {[%clk 00:05:06]} {[%emt 00:00:02]}
7. Bg2 {[%clk 00:05:09]} {[%emt 00:00:02]} Be7 {[%clk 00:05:06]} {[%emt
00:00:01]} 8. O-O {[%clk 00:05:09]} {[%emt 00:00:02]} O-O {[%clk 00:05:06]}
{[%emt 00:00:03]} 9. Re1 {[%clk 00:05:10]} d6 {[%clk 00:05:06]} 10. h3 {[%clk
00:05:05]} {[%emt 00:00:07]} Bd7 {[%clk 00:05:03]} {[%emt 00:00:05]} 11. Be3
{[%clk 00:05:02]} {[%emt 00:00:06]} Nc6 {[%clk 00:05:04]} {[%emt 00:00:01]} 12.
Nb3 {[%clk 00:04:46]} {[%emt 00:00:17]} Ne5 {[%clk 00:04:59]} {[%emt 00:00:07]}
13. Nd2 {[%clk 00:04:43]} {[%emt 00:00:05]} Nc4 {[%clk 00:04:41]} {[%emt
00:00:19]} 14. Nxc4 {[%clk 00:04:44]} {[%emt 00:00:02]} Qxc4 {[%clk 00:04:41]}
{[%emt 00:00:02]} 15. Qd3 {[%clk 00:04:30]} {[%emt 00:00:16]} Qc7 {[%clk
00:04:39]} {[%emt 00:00:04]} 16. Rad1 {[%clk 00:04:24]} {[%emt 00:00:09]} Rac8
{[%clk 00:04:39]} {[%emt 00:00:01]} 17. Bf4 {[%clk 00:03:58]} {[%emt 00:00:28]}
e5 {[%clk 00:04:19]} {[%emt 00:00:23]} 18. Bg5 {[%clk 00:03:57]} {[%emt
00:00:03]} Be6 {[%clk 00:04:11]} {[%emt 00:00:09]} 19. Bxf6 {[%clk 00:03:50]}
{[%emt 00:00:09]} gxf6 {[%clk 00:03:50]} {[%emt 00:00:23]} 20. Rc1 {[%clk
00:03:50]} {[%emt 00:00:02]} Qc4 {[%clk 00:03:49]} {[%emt 00:00:03]} 21. Qxc4
{[%clk 00:02:55]} {[%emt 00:00:56]} Rxc4 {[%clk 00:03:48]} {[%emt 00:00:04]} 22.
Bf3 {[%clk 00:01:57]} {[%emt 00:01:00]} b5 {[%clk 00:03:32]} {[%emt 00:00:18]}
23. Bg4 {[%clk 00:01:54]} {[%emt 00:00:05]} b4 {[%clk 00:03:22]} {[%emt
00:00:13]} 24. Nd5 {[%clk 00:01:27]} {[%emt 00:00:29]} Bxd5 {[%clk 00:03:10]}
{[%emt 00:00:13]} 25. exd5 {[%clk 00:01:27]} {[%emt 00:00:02]} Rb8 {[%clk
00:02:54]} {[%emt 00:00:18]} 26. Red1 {[%clk 00:01:15]} {[%emt 00:00:14]} Kg7
{[%clk 00:02:44]} {[%emt 00:00:12]} 27. Kf1 {[%clk 00:01:01]} {[%emt 00:00:16]}
Rb7 {[%clk 00:02:34]} {[%emt 00:00:13]} 28. Be2 {[%clk 00:00:44]} {[%emt
00:00:19]} Rc5 {[%clk 00:02:32]} {[%emt 00:00:04]} 29. b3 {[%clk 00:00:33]}
{[%emt 00:00:13]} a5 {[%clk 00:02:30]} {[%emt 00:00:04]} 30. g4 {[%clk
00:00:31]} {[%emt 00:00:04]} Rbc7 {[%clk 00:02:25]} {[%emt 00:00:07]} 31. Bc4
{[%clk 00:00:31]} {[%emt 00:00:02]} a4 {[%clk 00:02:00]} {[%emt 00:00:26]} 32.
Kg2 {[%emt 00:00:06]} Ra7 {[%clk 00:01:58]} {[%emt 00:00:03]} 33. Ra1 {[%clk
00:00:24]} {[%emt 00:00:07]} Rca5 {[%clk 00:01:54]} {[%emt 00:00:05]} 34. bxa4
{[%clk 00:00:19]} {[%emt 00:00:07]} Rxa4 {[%clk 00:01:55]} {[%emt 00:00:01]} 35.
Bb3 {[%clk 00:00:21]} R4a5 {[%clk 00:01:56]} {[%emt 00:00:02]} 36. Re1 {[%clk
00:00:21]} {[%emt 00:00:02]} Rc5 {[%clk 00:01:55]} {[%emt 00:00:02]} 37. Re4
{[%clk 00:00:22]} Rb7 {[%clk 00:01:51]} {[%emt 00:00:06]} 38. Rf1 {[%clk
00:00:21]} {[%emt 00:00:03]} Rc3 {[%clk 00:01:37]} {[%emt 00:00:16]} 39. Rfe1
{[%clk 00:00:20]} {[%emt 00:00:03]} Bd8 {[%clk 00:01:32]} {[%emt 00:00:06]} 40.
R1e3 {[%clk 00:00:22]} {[%emt 00:00:01]} Rc5 {[%clk 00:01:17]} {[%emt
00:00:17]} 41. Rf3 {[%clk 00:00:18]} {[%emt 00:00:06]} Ba5 {[%clk 00:01:05]}
{[%emt 00:00:15]} 42. Rf5 {[%clk 00:00:19]} {[%emt 00:00:01]} Kg6 {[%clk
00:00:54]} {[%emt 00:00:12]} 43. Re3 {[%clk 00:00:19]} {[%emt 00:00:03]} Rbc7
{[%clk 00:00:53]} {[%emt 00:00:02]} 44. Ref3 {[%clk 00:00:19]} {[%emt
00:00:01]} e4 {[%clk 00:00:27]} {[%emt 00:00:29]} 45. Rxf6+ {[%clk 00:00:20]}
{[%emt 00:00:02]} Kg7 {[%clk 00:00:26]} {[%emt 00:00:02]} 46. R3f4 {[%clk
00:00:21]} {[%emt 00:00:02]} Re7 {[%clk 00:00:22]} {[%emt 00:00:05]} 47. Rxd6
{[%clk 00:00:17]} {[%emt 00:00:06]} Bc7 {[%clk 00:00:23]} 48. Rdf6 {[%clk
00:00:11]} {[%emt 00:00:08]} Bxf4 {[%clk 00:00:18]} {[%emt 00:00:07]} 49. Rxf4
{[%clk 00:00:13]} Rd7 {[%clk 00:00:14]} {[%emt 00:00:03]} 50. Rxe4 {[%clk
00:00:12]} {[%emt 00:00:06]} Kf6 {[%clk 00:00:15]} {[%emt 00:00:01]} 51. Rxb4
{[%clk 00:00:13]} {[%emt 00:00:01]} Rc3 {[%clk 00:00:12]} {[%emt 00:00:06]} 52.
Rf4+ {[%clk 00:00:13]} {[%emt 00:00:01]} Ke5 {[%clk 00:00:12]} {[%emt
00:00:02]} 53. Rf5+ {[%clk 00:00:14]} Ke4 {[%clk 00:00:11]} {[%emt 00:00:02]}
54. f3+ {[%clk 00:00:13]} {[%emt 00:00:04]} Ke3 {[%clk 00:00:12]} {[%emt
00:00:01]} 55. Re5+ {[%clk 00:00:11]} {[%emt 00:00:04]} Kd2 {[%clk 00:00:09]}
{[%emt 00:00:05]} 56. Rf5 {[%clk 00:00:12]} {[%emt 00:00:01]} Re3 {[%clk
00:00:09]} {[%emt 00:00:02]} 57. Kg3 {[%clk 00:00:13]} {[%emt 00:00:01]} Rc3
{[%clk 00:00:06]} {[%emt 00:00:06]} 58. a4 {[%clk 00:00:14]} Rc5 {[%clk
00:00:06]} {[%emt 00:00:02]} 59. Rh5 {[%emt 00:00:03]} f6 {[%clk 00:00:04]}
{[%emt 00:00:03]} 60. Rf5 {[%clk 00:00:15]} {[%emt 00:00:01]} Rd6 {[%clk
00:00:04]} {[%emt 00:00:02]} 61. h4 {[%clk 00:00:15]} {[%emt 00:00:01]} h6
{[%clk 00:00:05]} {[%emt 00:00:02]} 62. Rh5 {[%clk 00:00:16]} {[%emt 00:00:01]}
Ke2 {[%clk 00:00:05]} {[%emt 00:00:01]} 63. Kg2 {[%clk 00:00:13]} {[%emt
00:00:05]} Rc3 {[%clk 00:00:05]} {[%emt 00:00:02]} 64. Rf5 {[%clk 00:00:14]}
{[%emt 00:00:01]} Rc5 {[%clk 00:00:05]} {[%emt 00:00:03]} 65. Rf4 {[%clk
00:00:11]} {[%emt 00:00:05]} Rc3 {[%clk 00:00:04]} {[%emt 00:00:02]} 66. Re4+
{[%clk 00:00:11]} {[%emt 00:00:02]} Kd2 {[%clk 00:00:04]} {[%emt 00:00:02]} 67.
Kf2 {[%clk 00:00:12]} Rc5 {[%clk 00:00:05]} {[%emt 00:00:01]} 68. Rd4+ {[%clk
00:00:10]} {[%emt 00:00:04]} Kc3 {[%clk 00:00:05]} {[%emt 00:00:02]} 69. Rf4
{[%clk 00:00:11]} {[%emt 00:00:01]} Kd2 {[%clk 00:00:05]} {[%emt 00:00:02]} 70.
Rf5 {[%clk 00:00:10]} {[%emt 00:00:03]} Kc3 {[%clk 00:00:05]} {[%emt 00:00:03]}
71. Rh5 {[%clk 00:00:11]} Kd2 {[%clk 00:00:05]} {[%emt 00:00:02]} 72. Rxh6
{[%clk 00:00:11]} {[%emt 00:00:02]} Rc3 {[%clk 00:00:04]} {[%emt 00:00:03]} 73.
Rh5 {[%clk 00:00:11]} {[%emt 00:00:02]} Rd7 {[%clk 00:00:04]} {[%emt 00:00:02]}
74. Rf5 {[%clk 00:00:12]} {[%emt 00:00:01]} Re7 {[%clk 00:00:04]} {[%emt
00:00:02]} 75. h5 {[%clk 00:00:10]} {[%emt 00:00:03]} Re2 {[%clk 00:00:05]}
{[%emt 00:00:02]} 1-0

[Event "World Youth & Cadets Blitz Championships"]
[Site "Rhodes, Greece"]
[Date "2022.05.03"]
[Round "3.17"]
[White "Begmuratov, Khumoyun"]
[Black "Zhauynbay, Aldiyar"]
[Result "1-0"]
[TimeControl "5'/game & 2\"/move"]
[WhiteElo "1961"]
[BlackElo "1434"]

1. e4 {[%clk 00:05:03]} c5 {[%clk 00:05:03]} {[%emt 00:00:01]} 2. Nc3 {[%clk
00:05:04]} {[%emt 00:00:01]} d6 {[%clk 00:05:03]} {[%emt 00:00:02]} 3. g3
{[%clk 00:05:05]} {[%emt 00:00:02]} g6 {[%clk 00:05:03]} {[%emt 00:00:02]} 4.
Bg2 {[%clk 00:05:06]} {[%emt 00:00:01]} Bg7 {[%clk 00:05:03]} {[%emt 00:00:02]}
5. Nge2 {[%clk 00:05:07]} e5 {[%clk 00:05:03]} {[%emt 00:00:02]} 6. O-O {[%clk
00:05:06]} {[%emt 00:00:02]} Ne7 {[%clk 00:05:02]} {[%emt 00:00:02]} 7. d3
{[%clk 00:05:07]} {[%emt 00:00:02]} O-O {[%clk 00:05:02]} {[%emt 00:00:03]} 8.
a3 {[%clk 00:05:04]} {[%emt 00:00:05]} Nbc6 {[%clk 00:05:02]} {[%emt 00:00:02]}
9. Rb1 {[%clk 00:05:04]} {[%emt 00:00:02]} a5 {[%clk 00:04:34]} {[%emt
00:00:30]} 10. Nd5 {[%clk 00:04:37]} {[%emt 00:00:28]} h6 {[%clk 00:03:52]}
{[%emt 00:00:43]} 11. c3 {[%clk 00:04:13]} {[%emt 00:00:27]} Nxd5 {[%clk
00:03:41]} {[%emt 00:00:14]} 12. exd5 {[%clk 00:04:14]} {[%emt 00:00:01]} Ne7
{[%clk 00:03:41]} 13. d4 {[%clk 00:04:02]} {[%emt 00:00:14]} exd4 {[%clk
00:03:16]} {[%emt 00:00:27]} 14. cxd4 {[%clk 00:04:03]} {[%emt 00:00:02]} Bf5
{[%clk 00:03:08]} {[%emt 00:00:09]} 15. Ra1 {[%clk 00:04:04]} {[%emt 00:00:02]}
c4 {[%clk 00:02:57]} {[%emt 00:00:13]} 16. Be3 {[%clk 00:03:42]} {[%emt
00:00:23]} b5 {[%clk 00:02:49]} {[%emt 00:00:10]} 17. Qd2 {[%clk 00:03:42]}
{[%emt 00:00:02]} Kh7 {[%clk 00:02:47]} {[%emt 00:00:03]} 18. Rfe1 {[%clk
00:03:32]} {[%emt 00:00:13]} Qb6 {[%clk 00:02:35]} {[%emt 00:00:14]} 19. Rac1
{[%clk 00:02:55]} {[%emt 00:00:38]} Rfc8 {[%clk 00:02:32]} {[%emt 00:00:06]} 20.
Nf4 {[%clk 00:02:30]} {[%emt 00:00:27]} b4 {[%clk 00:02:20]} {[%emt 00:00:14]}
21. Bf1 {[%clk 00:02:06]} {[%emt 00:00:26]} c3 {[%clk 00:00:50]} {[%emt
00:01:32]} 22. bxc3 {[%clk 00:02:06]} {[%emt 00:00:02]} bxa3 {[%clk 00:00:45]}
{[%emt 00:00:07]} 23. Bd3 {[%clk 00:01:23]} {[%emt 00:00:46]} Bxd3 {[%clk
00:00:36]} {[%emt 00:00:10]} 24. Qxd3 {[%clk 00:01:23]} {[%emt 00:00:01]} Nf5
{[%clk 00:00:32]} {[%emt 00:00:07]} 25. Bd2 {[%clk 00:01:23]} {[%emt 00:00:03]}
Qa6 {[%clk 00:00:21]} {[%emt 00:00:12]} 26. Qf3 {[%clk 00:00:49]} {[%emt
00:00:36]} Qc4 {[%clk 00:00:12]} {[%emt 00:00:12]} 27. Nh5 {[%clk 00:00:26]}
{[%emt 00:00:24]} Bh8 {[%clk 00:00:08]} {[%emt 00:00:07]} 28. g4 {[%clk
00:00:27]} {[%emt 00:00:01]} gxh5 {[%clk 00:00:05]} {[%emt 00:00:04]} 29. Qxf5+
{[%clk 00:00:28]} Kg7 {[%clk 00:00:05]} {[%emt 00:00:01]} 30. Qxh5 {[%clk
00:00:26]} {[%emt 00:00:04]} Kf8 {[%clk 00:00:03]} {[%emt 00:00:05]} 31. Bxh6+
{[%clk 00:00:25]} {[%emt 00:00:03]} Kg8 {[%clk 00:00:04]} {[%emt 00:00:02]} 32.
Re7 {[%clk 00:00:18]} {[%emt 00:00:09]} Rf8 {[%clk 00:00:03]} {[%emt 00:00:02]}
33. g5 {[%clk 00:00:12]} {[%emt 00:00:09]} Qxd5 {[%clk 00:00:03]} {[%emt
00:00:01]} 34. Bxf8 {[%clk 00:00:10]} {[%emt 00:00:04]} Rxf8 {[%clk 00:00:05]}
35. Qg4 {[%clk 00:00:10]} {[%emt 00:00:02]} Qc4 {[%clk 00:00:05]} {[%emt
00:00:02]} 36. g6 {[%clk 00:00:10]} {[%emt 00:00:01]} f5 {[%clk 00:00:06]}
{[%emt 00:00:02]} 37. Qh5 {[%clk 00:00:10]} {[%emt 00:00:02]} Bf6 {[%clk
00:00:05]} {[%emt 00:00:03]} 38. Rg7+ {[%clk 00:00:09]} {[%emt 00:00:03]} Kxg7
{[%clk 00:00:04]} {[%emt 00:00:03]} 39. Qh7# {[%clk 00:00:10]} 1-0

[Event "World Youth & Cadets Blitz Championships"]
[Site "Rhodes, Greece"]
[Date "2022.05.03"]
[Round "3.19"]
[White "Patel, Zain"]
[Black "Kumar, Sanjit S"]
[Result "1-0"]
[TimeControl "5'/game & 2\"/move"]
[WhiteElo "1746"]
[BlackElo "1562"]

1. d4 {[%clk 00:05:01]} {[%emt 00:00:02]} d5 {[%clk 00:05:04]} {[%emt
00:00:01]} 2. c4 {[%clk 00:05:02]} {[%emt 00:00:01]} c6 {[%clk 00:05:05]} 3.
cxd5 {[%clk 00:05:03]} {[%emt 00:00:02]} cxd5 {[%clk 00:05:05]} {[%emt
00:00:01]} 4. Bf4 {[%clk 00:05:03]} {[%emt 00:00:02]} Nc6 {[%clk 00:05:06]}
{[%emt 00:00:01]} 5. Nc3 {[%clk 00:05:03]} {[%emt 00:00:01]} Nf6 {[%clk
00:05:06]} {[%emt 00:00:02]} 6. e3 {[%clk 00:05:04]} {[%emt 00:00:01]} Bf5
{[%clk 00:05:06]} {[%emt 00:00:01]} 7. Qb3 {[%clk 00:05:03]} {[%emt 00:00:04]}
Qb6 {[%clk 00:04:44]} {[%emt 00:00:23]} 8. Qxb6 {[%clk 00:04:57]} {[%emt
00:00:08]} axb6 {[%clk 00:04:44]} {[%emt 00:00:02]} 9. a3 {[%clk 00:04:58]}
{[%emt 00:00:01]} Rc8 {[%clk 00:04:24]} {[%emt 00:00:23]} 10. Nf3 {[%clk
00:04:44]} {[%emt 00:00:16]} e6 {[%clk 00:04:19]} {[%emt 00:00:07]} 11. Bb5
{[%clk 00:04:40]} {[%emt 00:00:06]} Be7 {[%clk 00:04:10]} {[%emt 00:00:11]} 12.
O-O {[%clk 00:04:25]} {[%emt 00:00:16]} O-O {[%clk 00:04:10]} {[%emt 00:00:03]}
13. Na4 {[%clk 00:04:16]} {[%emt 00:00:10]} Nd7 {[%clk 00:04:11]} {[%emt
00:00:02]} 14. Rac1 {[%clk 00:03:52]} {[%emt 00:00:26]} f6 {[%clk 00:04:09]}
{[%emt 00:00:04]} 15. Rfd1 {[%clk 00:03:34]} {[%emt 00:00:19]} Bg4 {[%clk
00:04:02]} {[%emt 00:00:09]} 16. Rd2 {[%clk 00:03:03]} {[%emt 00:00:33]} g5
{[%clk 00:03:47]} {[%emt 00:00:18]} 17. Bg3 {[%clk 00:03:04]} {[%emt 00:00:01]}
h5 {[%clk 00:03:48]} 18. h3 {[%clk 00:03:04]} {[%emt 00:00:02]} Bf5 {[%clk
00:03:49]} 19. Bd3 {[%clk 00:02:42]} {[%emt 00:00:24]} Bxd3 {[%clk 00:03:45]}
{[%emt 00:00:06]} 20. Rxd3 {[%clk 00:02:43]} Na5 {[%clk 00:03:30]} {[%emt
00:00:17]} 21. Rdc3 {[%clk 00:02:36]} {[%emt 00:00:09]} Rc4 {[%clk 00:03:31]}
{[%emt 00:00:01]} 22. Rxc4 {[%clk 00:02:28]} {[%emt 00:00:10]} Nxc4 {[%clk
00:03:31]} {[%emt 00:00:01]} 23. e4 {[%clk 00:02:17]} {[%emt 00:00:14]} b5
{[%clk 00:03:25]} {[%emt 00:00:08]} 24. exd5 {[%clk 00:02:13]} {[%emt
00:00:07]} exd5 {[%clk 00:03:23]} {[%emt 00:00:03]} 25. Nc3 {[%clk 00:02:11]}
{[%emt 00:00:04]} Nxb2 {[%clk 00:03:15]} {[%emt 00:00:10]} 26. Nxb5 {[%clk
00:01:57]} {[%emt 00:00:16]} Nc4 {[%clk 00:02:59]} {[%emt 00:00:18]} 27. a4
{[%clk 00:01:58]} {[%emt 00:00:01]} f5 {[%clk 00:02:56]} {[%emt 00:00:04]} 28.
Re1 {[%clk 00:01:42]} {[%emt 00:00:18]} Bf6 {[%clk 00:02:53]} {[%emt 00:00:06]}
29. Ne5 {[%clk 00:01:25]} {[%emt 00:00:19]} Bxe5 {[%clk 00:02:39]} {[%emt
00:00:16]} 30. Bxe5 {[%clk 00:01:16]} {[%emt 00:00:10]} Ndxe5 {[%clk 00:02:39]}
{[%emt 00:00:03]} 31. dxe5 {[%clk 00:01:17]} Re8 {[%clk 00:02:39]} {[%emt
00:00:01]} 32. e6 {[%clk 00:01:17]} {[%emt 00:00:03]} Kg7 {[%clk 00:02:40]}
{[%emt 00:00:01]} 33. Nc7 {[%clk 00:01:16]} {[%emt 00:00:03]} Re7 {[%clk
00:02:25]} {[%emt 00:00:16]} 34. Nxd5 {[%clk 00:01:17]} {[%emt 00:00:02]} Re8
{[%clk 00:02:23]} {[%emt 00:00:05]} 35. e7 {[%clk 00:00:59]} {[%emt 00:00:19]}
Kf7 {[%clk 00:02:24]} 36. Rb1 {[%clk 00:01:00]} {[%emt 00:00:01]} Ke6 {[%clk
00:02:18]} {[%emt 00:00:07]} 37. Nc7+ {[%clk 00:01:01]} {[%emt 00:00:02]} Kd7
{[%clk 00:02:13]} {[%emt 00:00:07]} 38. Nxe8 {[%emt 00:00:05]} Kxe8 {[%clk
00:02:13]} 39. Rxb7 {[%clk 00:00:59]} {[%emt 00:00:02]} Nd6 {[%clk 00:02:15]}
{[%emt 00:00:01]} 40. Rc7 {[%clk 00:00:53]} {[%emt 00:00:08]} Kf7 {[%clk
00:02:13]} {[%emt 00:00:04]} 41. a5 {[%clk 00:00:53]} {[%emt 00:00:02]} Ne8
{[%clk 00:02:13]} {[%emt 00:00:02]} 42. Rb7 {[%emt 00:00:09]} 1-0

[Event "World Youth & Cadets Blitz Championships"]
[Site "Rhodes, Greece"]
[Date "2022.05.03"]
[Round "3.20"]
[White "Niezhentsev, Kyrylo"]
[Black "Tadic, Jure"]
[Result "1-0"]
[TimeControl "5'/game & 2\"/move"]
[WhiteElo "2060"]
[BlackElo "1453"]

1. c4 {[%clk 00:05:02]} {[%emt 00:00:02]} Nf6 {[%clk 00:05:02]} {[%emt
00:00:02]} 2. g3 {[%clk 00:05:02]} {[%emt 00:00:02]} g6 {[%clk 00:05:02]}
{[%emt 00:00:02]} 3. Bg2 {[%clk 00:05:03]} {[%emt 00:00:01]} Bg7 {[%clk
00:05:02]} {[%emt 00:00:02]} 4. Nf3 {[%clk 00:05:04]} {[%emt 00:00:01]} Nc6
{[%clk 00:04:52]} {[%emt 00:00:13]} 5. O-O {[%clk 00:05:01]} {[%emt 00:00:05]}
e5 {[%clk 00:04:38]} {[%emt 00:00:15]} 6. d4 {[%clk 00:04:23]} {[%emt
00:00:40]} e4 {[%clk 00:03:55]} {[%emt 00:00:45]} 7. Ng5 {[%clk 00:04:23]}
{[%emt 00:00:02]} Qe7 {[%clk 00:03:40]} {[%emt 00:00:17]} 8. Nc3 {[%clk
00:04:23]} {[%emt 00:00:03]} O-O {[%clk 00:03:20]} {[%emt 00:00:22]} 9. e3
{[%clk 00:04:06]} {[%emt 00:00:18]} d6 {[%clk 00:02:43]} {[%emt 00:00:40]} 10.
Ngxe4 {[%clk 00:04:05]} {[%emt 00:00:03]} Nxe4 {[%clk 00:02:27]} {[%emt
00:00:17]} 11. Nxe4 {[%clk 00:04:05]} {[%emt 00:00:02]} f5 {[%clk 00:02:26]}
{[%emt 00:00:04]} 12. Nc3 {[%clk 00:04:05]} {[%emt 00:00:02]} Bd7 {[%clk
00:01:59]} {[%emt 00:00:29]} 13. Qb3 {[%clk 00:02:53]} {[%emt 00:01:14]} Rab8
{[%clk 00:01:44]} {[%emt 00:00:17]} 14. Nd5 {[%clk 00:02:49]} {[%emt 00:00:05]}
Qd8 {[%clk 00:01:41]} {[%emt 00:00:05]} 15. Bd2 {[%clk 00:02:25]} {[%emt
00:00:27]} Re8 {[%clk 00:01:21]} {[%emt 00:00:21]} 16. Rac1 {[%clk 00:02:10]}
{[%emt 00:00:17]} Be6 {[%clk 00:00:54]} {[%emt 00:00:30]} 17. Nf4 {[%clk
00:01:49]} {[%emt 00:00:22]} Bf7 {[%clk 00:00:51]} {[%emt 00:00:05]} 18. Qa4
{[%clk 00:01:47]} {[%emt 00:00:04]} Qd7 {[%clk 00:00:31]} {[%emt 00:00:22]} 19.
b4 {[%clk 00:01:36]} {[%emt 00:00:13]} g5 {[%clk 00:00:27]} {[%emt 00:00:06]}
20. Nd5 {[%clk 00:01:37]} {[%emt 00:00:02]} Bxd5 {[%clk 00:00:16]} {[%emt
00:00:13]} 21. cxd5 {[%clk 00:01:03]} {[%emt 00:00:35]} Ne5 {[%clk 00:00:17]}
22. Qxd7 {[%clk 00:00:44]} {[%emt 00:00:21]} Nxd7 {[%clk 00:00:19]} 23. Rxc7
{[%clk 00:00:44]} {[%emt 00:00:02]} Nb6 {[%emt 00:00:02]} 24. Rfc1 {[%clk
00:00:42]} {[%emt 00:00:04]} Bf6 {[%clk 00:00:14]} {[%emt 00:00:08]} 25. Kf1
{[%clk 00:00:23]} {[%emt 00:00:20]} Bd8 {[%clk 00:00:10]} {[%emt 00:00:06]} 26.
R7c2 {[%clk 00:00:22]} {[%emt 00:00:03]} Bf6 {[%clk 00:00:09]} {[%emt
00:00:03]} 27. Ra1 {[%clk 00:00:18]} {[%emt 00:00:07]} Nd7 {[%clk 00:00:07]}
{[%emt 00:00:03]} 28. a4 {[%clk 00:00:13]} {[%emt 00:00:07]} Nf8 {[%clk
00:00:09]} 29. Rc4 {[%clk 00:00:08]} {[%emt 00:00:07]} Ng6 {[%clk 00:00:09]}
{[%emt 00:00:02]} 30. Bh3 {[%clk 00:00:09]} g4 {[%clk 00:00:10]} {[%emt
00:00:02]} 31. Bg2 {[%clk 00:00:10]} h5 {[%clk 00:00:09]} {[%emt 00:00:03]} 32.
Ke2 {[%clk 00:00:09]} {[%emt 00:00:03]} h4 {[%clk 00:00:10]} {[%emt 00:00:02]}
33. Kd3 {[%clk 00:00:08]} {[%emt 00:00:02]} Kg7 {[%clk 00:00:07]} {[%emt
00:00:05]} 34. Bf1 {[%clk 00:00:07]} {[%emt 00:00:03]} hxg3 {[%clk 00:00:08]}
{[%emt 00:00:02]} 35. hxg3 {[%clk 00:00:08]} {[%emt 00:00:01]} Rh8 {[%clk
00:00:09]} 36. Be2 {[%clk 00:00:07]} {[%emt 00:00:03]} Rh2 {[%clk 00:00:10]}
{[%emt 00:00:02]} 37. Rf1 {[%clk 00:00:08]} Be7 {[%clk 00:00:06]} {[%emt
00:00:06]} 38. Kc3 {[%clk 00:00:08]} {[%emt 00:00:02]} Rbh8 {[%clk 00:00:07]}
{[%emt 00:00:02]} 39. Bd3 {[%clk 00:00:09]} {[%emt 00:00:01]} Kf6 {[%clk
00:00:06]} {[%emt 00:00:03]} 40. Rc7 {[%clk 00:00:08]} {[%emt 00:00:02]} a6
{[%clk 00:00:04]} {[%emt 00:00:04]} 41. Rxb7 {[%clk 00:00:08]} {[%emt
00:00:01]} Rg2 {[%clk 00:00:05]} {[%emt 00:00:02]} 42. Bxa6 {[%clk 00:00:07]}
{[%emt 00:00:03]} Rhh2 {[%clk 00:00:06]} {[%emt 00:00:01]} 43. Be1 {[%clk
00:00:07]} {[%emt 00:00:02]} Kg5 {[%clk 00:00:05]} {[%emt 00:00:03]} 44. Bd3
{[%clk 00:00:05]} {[%emt 00:00:05]} Bf6 {[%clk 00:00:06]} 45. a5 {[%clk
00:00:05]} {[%emt 00:00:02]} Ne7 {[%clk 00:00:06]} {[%emt 00:00:03]} 46. Kc4
{[%clk 00:00:05]} {[%emt 00:00:02]} Nc8 {[%clk 00:00:06]} {[%emt 00:00:02]} 47.
a6 {[%clk 00:00:05]} {[%emt 00:00:02]} Rh8 {[%emt 00:00:04]} 48. a7 {[%clk
00:00:05]} {[%emt 00:00:02]} Nxa7 49. Rxa7 {[%clk 00:00:06]} Rc8+ {[%clk
00:00:06]} {[%emt 00:00:01]} 50. Kb3 {[%clk 00:00:04]} {[%emt 00:00:03]} Kg6
{[%emt 00:00:03]} 51. Bc2 {[%clk 00:00:05]} Bg5 {[%clk 00:00:06]} {[%emt
00:00:03]} 52. Ra6 {[%clk 00:00:06]} Kh5 {[%clk 00:00:07]} {[%emt 00:00:01]} 53.
Rc6 {[%clk 00:00:07]} Ra8 {[%clk 00:00:07]} {[%emt 00:00:01]} 54. Kb2 {[%clk
00:00:08]} Bh6 {[%clk 00:00:06]} {[%emt 00:00:04]} 55. Rxd6 {[%clk 00:00:00]}
{[%emt 00:01:32]} Bf8 {[%clk 00:00:06]} {[%emt 00:02:33]} 56. Rf6 {[%clk
00:02:03]} {[%emt 00:00:12]} Kg5 {[%clk 00:00:06]} {[%emt 00:00:03]} 57. Rxf5+
{[%clk 00:02:04]} {[%emt 00:00:02]} Kh6 {[%clk 00:00:07]} 58. Rh1+ {[%clk
00:02:01]} {[%emt 00:00:05]} Kg7 {[%clk 00:00:06]} {[%emt 00:00:02]} 59. Rg5+
{[%clk 00:02:01]} {[%emt 00:00:02]} Kf6 {[%clk 00:00:06]} {[%emt 00:00:03]} 60.
Rg6+ {[%clk 00:02:02]} {[%emt 00:00:01]} Ke7 {[%clk 00:00:06]} {[%emt
00:00:02]} 61. Rh7+ {[%clk 00:02:02]} {[%emt 00:00:02]} Ke8 {[%clk 00:00:06]}
{[%emt 00:00:02]} 62. Rg8 {[%clk 00:01:53]} {[%emt 00:00:11]} Rg1 {[%clk
00:00:03]} {[%emt 00:00:05]} 63. Rxf8+ {[%clk 00:01:48]} {[%emt 00:00:07]} Kxf8
{[%clk 00:00:04]} {[%emt 00:00:01]} 64. Rh8+ {[%clk 00:01:49]} {[%emt
00:00:01]} Kg7 {[%clk 00:00:05]} 65. Rxa8 {[%clk 00:01:49]} {[%emt 00:00:02]}
Rxe1 {[%clk 00:00:06]} 66. Ra6 {[%clk 00:01:48]} {[%emt 00:00:03]} Re2 {[%clk
00:00:06]} {[%emt 00:00:02]} 67. Rg6+ {[%clk 00:01:49]} {[%emt 00:00:02]} Kf7
{[%clk 00:00:06]} {[%emt 00:00:01]} 68. Rxg4 {[%clk 00:01:49]} {[%emt
00:00:02]} Rxf2 {[%clk 00:00:06]} {[%emt 00:00:01]} 69. Rf4+ {[%clk 00:01:50]}
{[%emt 00:00:01]} Rxf4 {[%clk 00:00:07]} {[%emt 00:00:01]} 70. gxf4 {[%clk
00:01:51]} {[%emt 00:00:02]} Ke7 {[%clk 00:00:09]} 71. b5 {[%clk 00:01:52]}
{[%emt 00:00:01]} Kd6 {[%clk 00:00:10]} 72. Kb3 {[%clk 00:01:54]} Kxd5 {[%clk
00:00:09]} {[%emt 00:00:02]} 73. f5 {[%clk 00:01:54]} {[%emt 00:00:02]} Kd6
{[%clk 00:00:10]} 74. f6 {[%clk 00:01:56]} Ke6 {[%clk 00:00:12]} 75. b6 {[%clk
00:01:56]} {[%emt 00:00:01]} Kxf6 {[%clk 00:00:10]} {[%emt 00:00:04]} 76. b7
{[%clk 00:01:57]} {[%emt 00:00:01]} Ke6 {[%clk 00:00:11]} 77. b8=Q {[%clk
00:01:56]} {[%emt 00:00:03]} Kd5 {[%clk 00:00:11]} {[%emt 00:00:01]} 78. Qe5+
{[%clk 00:01:53]} {[%emt 00:00:06]} Kc6 {[%emt 00:00:01]} 79. Be4+ {[%clk
00:01:54]} Kb6 {[%clk 00:00:12]} {[%emt 00:00:02]} 80. Qc5+ {[%clk 00:01:55]}
{[%emt 00:00:02]} Ka6 {[%clk 00:00:10]} {[%emt 00:00:04]} 81. Qb4 {[%clk
00:01:53]} {[%emt 00:00:04]} Ka7 {[%clk 00:00:10]} {[%emt 00:00:02]} 82. Qb7#
{[%clk 00:01:54]} {[%emt 00:00:01]} 1-0